Responses for Show #7497 - Tuesday, March 28, 2017

Contestants

[<< previous game]

Steve Asiatico, a network engineer from McKinney, Texas

Julie Brannon, a professor of English from Jacksonville, Florida

Adam Vesterholt, an energy engineer from Brooklyn, New York (whose 1-day cash winnings total $26,801)

[next game >>]

Jeopardy! Round responses

PIE-POURRI
ENDS WITH K
PICK YOUR POISON
A FALLEN CATEGORY
WHAT DAY IS IT?
THE RUSSIANS ARE COMING! THE RUSSIANS ARE COMING!
    $200 24
meringue

Julie
    $200 19
a yardstick

Julie
    $200 12
carbon monoxide

Steve
    $200 18
a shoe

Adam
    $200 6
Monday

Steve
    $200 1
1939

Julie
    $400 26
Boston cream pie

Steve
    $400 22
a warlock

Steve
    $400 11
cyanide

Steve
    $400 17
Newton

Julie
    $400 7
Tuesdays

Adam
    $400 2
St. Petersburg

Adam
    $600 28
mincemeat (pie)

Steve
    $600 23
a touchback

Adam
    $600 13
(Julie: What is belladonna?)

hemlock

AdamJulie
    $3,400 16
a windfall

Adam
    $600 8
Wednesday

Julie
    $600 3
Afghanistan

Steve
    $800 29
rhubarb

Steve
    $800 25
Kinderhook

Adam
    $800 14
chlorine

Steve
    $800 20
bungee jumping

Julie
    $800 9
Sunday

Steve
    $800 4
the Crimean War

Julie
    $1000 30
lattice

Julie
    $1000 27
a paddock

Steve
    $1000 15
(Julie: Plutonium. What is plutonium?)

polonium

AdamJulie
    $1000 21
Skylab

Steve
    $1000 10
Friday

Julie
    $1000 5
Chechnya

Adam

Scores at the first commercial break (after clue 15):

Adam Julie Steve
$3,400 $1,000 $3,000

Scores at the end of the Jeopardy! Round:

Adam Julie Steve
$8,400 $3,600 $7,200

Double Jeopardy! Round responses

MacARTHUR GENIUS GRANT RECIPIENTS
5-LETTER WORDS
WILL SMITH
WATER-LOVING MAMMALS
PLAY TIME
A VIEW FROM THE BRIDGE
    $400 27
(Lin-Manuel) Miranda

Adam
    $400 11
a leech

Steve
    $400 6
Bel Air

Julie
    $400 21
a mink

Julie
    $400 2
Helen of Troy

Julie
    $400 16
the Brooklyn Bridge

Steve
    $800 28
stem cells

Steve
    $800 12
dozen

Julie
    $800 7
Tommy Lee Jones

Adam
    $800 22
a narwhal

Steve
    $800 1
Sherlock Holmes

Julie
    $800 17
arrondissements

Adam
    $5,000 26
the Big Bang

Adam
    $1200 13
avoid

Julie
    $1200 8
Independence Day

Steve
    $1200 23
a polar bear

Steve
    $1200 3
Playboy of the Western World

Julie
    $1200 18
the Golden Gate Bridge

Julie
    $1600 29
(Alison) Bechdel

Julie
    $1600 14
index

Triple Stumper
    $1600 9
Bad Boys

Julie
    $1600 24
baleen

Steve
    $1600 4
Tennessee Williams

Triple Stumper
    $2,000 19
the Shard

Julie
    $2000 30
(Julie: What is physician?)
(Alex: Be more specific.)

geriatric physician

Julie
    $2000 15
an array

Steve
    $2000 10
Fela!

Triple Stumper
    $2000 25
an elephant seal

Adam
    $2000 5
(Lorraine) Hansberry

Julie
    $2000 20
Venice

Steve

Scores at the end of the Double Jeopardy! Round:

Adam Julie Steve
$17,400 $19,200 $17,600

[wagering suggestions for these scores]

Final Jeopardy! Round responses

HISTORIC ANNIVERSARIES
AdamWhat Gettysburg
$201
SteveWhat is the firing on Ft. Sumter
$17,595
JulieWht is Gettysburg?
$9,200
Gettysburg

Final scores:

Adam Julie Steve
$17,601 $28,400 $5
2nd place: $2,000 New champion: $28,400 3rd place: $1,000

Game dynamics:

Coryat scores:

Adam Julie Steve
$10,800 $18,800 $17,600
14 R
(including 2 DDs),
0 W
22 R
(including 1 DD),
2 W
21 R,
0 W

Combined Coryat: $47,200

[game clues] [game scores] [suggest correction]

Game tape date: 2016-12-13
The J! Archive is created by fans, for fans. Scraping, republication, monetization, and malicious use prohibited; this site may use cookies and collect identifying information. See terms. The Jeopardy! game show and all elements thereof, including but not limited to copyright and trademark thereto, are the property of Jeopardy Productions, Inc. and are protected under law. This website is not affiliated with, sponsored by, or operated by Jeopardy Productions, Inc. Join the discussion at JBoard.tv.